Riconosci il Pokémon - Quiz n°376 - Statistics

Statistiche generali
  • Questo quiz è stato fatto 1 volte
  • Il punteggio medio è 5 su 10
Statistiche sulle risposte
Indizio Risposta % Corretto
Sesso 100% ♂
100%
Peso 50,2 kg
100%
Tipo Lotta
100%
Generazione Prima
100%
Abilità Sguardofermo, Feropugno; Forza Interiore
100%
Altezza 1,4 m
0%
Tasso di cattura 45 (11.9%)
0%
Pokémon Hitmonchan
0%
Tasso di allevamento Medio-Veloce
0%
Stadio evoluzione Prima evoluzione
0%
Nessun quiz corrispondente trovato
Distribuzione punteggi
Percentuale di utenti per punteggio
Percentile per numero di risposta
I tuoi punteggi nel tempo
Non hai fatto questo quiz